| 000 | 00370 a2200157 4500 | ||
|---|---|---|---|
| 001 | 160556 | ||
| 020 | _a | ||
| 040 | _cMagnum | ||
| 100 | _aMonteiro, José Maviael | ||
| 240 | 1 | 0 |
_aO dia em que roubaram a sombra do rei _lpor |
| 245 | 1 | 0 | _aO dia em que roubaram a sombra do rei |
| 362 | 0 | _a1899 | |
| 440 | 1 | _aScipione | |
| 697 | _aIJ/FADAS, FANTASIA | ||
| 942 | _cBK | ||
| 999 |
_c160556 _d160556 |
||